J1クラブのホームスタジアム - Statistics

General Stats
  • This quiz has been taken 207 times
  • The average score is 9 of 19
Answer Stats
チーム ホームスタジアム % Correct
FC東京、東京ヴェルディ 味の素スタジアム
86%
北海道コンサドーレ札幌 札幌ドーム
85%
浦和レッズ 埼玉スタジアム2002
82%
横浜F・マリノス 日産スタジアム
77%
川崎フロンターレ 等々力陸上競技場
57%
鹿島アントラーズ 県立カシマサッカースタジアム
54%
サガン鳥栖 駅前不動産スタジアム
52%
名古屋グランパス 豊田スタジアム
50%
ジュビロ磐田 ヤマハスタジアム
41%
柏レイソル 三共フロンティア柏スタジアム
37%
京都サンガF.C. サンガスタジアム by KYOCERA
37%
ヴィッセル神戸 ノエビアスタジアム神戸
36%
ガンバ大阪 パナソニックスタジアム吹田
35%
FC町田ゼルビア 町田GIONスタジアム
34%
湘南ベルマーレ レモンガススタジアム平塚
33%
セレッソ大阪 ヨドコウ桜スタジアム
32%
アルビレックス新潟 デンカビッグスワンスタジアム
28%
アビスパ福岡 ベスト電器スタジアム
27%
サンフレッチェ広島 エディオンスタジアム広島
14%
No matching quizzes found
Score Distribution
Percent of People with Each Score
Percentile by Number Answered
Your Score History
You have not taken this quiz